Karna: The Great Warrior (Record no. 41178)
[ view plain ]
| 000 -LEADER | |
|---|---|
| fixed length control field | 00359nam a2200133Ia 4500 |
| 008 - FIXED-LENGTH DATA ELEMENTS--GENERAL INFORMATION | |
| fixed length control field | 240719s9999 xx 000 0 und d |
| 041 ## - LANGUAGE CODE | |
| Language code of text/sound track or separate title | eng |
| 082 ## - DEWEY DECIMAL CLASSIFICATION NUMBER | |
| Classification number | 823 DES |
| 100 ## - MAIN ENTRY--PERSONAL NAME | |
| Personal name | Desai, Ranjit |
| 245 ## - TITLE STATEMENT | |
| Title | Karna: The Great Warrior |
| 260 ## - PUBLICATION, DISTRIBUTION, ETC. | |
| Place of publication, distribution, etc. | Haryana |
| Name of publisher, distributor, etc. | Harper Perennial |
| Date of publication, distribution, etc. | 2019 |
| 300 ## - PHYSICAL DESCRIPTION | |
| Extent | 253 P.; 20 Cm. |
| 520 ## - SUMMARY, ETC. | |
| Summary, etc. | Faculty Purchase For LRC/ Prof. J Sharma |
| Withdrawn status | Lost status | Damaged status | Not for loan | Home library | Current library | Shelving location | Date acquired | Total Checkouts | Total Renewals | Total Holds | Full call number | Barcode | Date due | Date last seen | Date last checked out | Price effective from | Koha item type | Public note |
|---|---|---|---|---|---|---|---|---|---|---|---|---|---|---|---|---|---|---|
| IMTN | IMTN | Rack 40-A | 03/17/2023 | 9 | 3 | 222 | 823 DES | 32873 | 01/22/2026 | 01/12/2026 | 01/12/2026 | 02/11/2022 | Books | Gifted |